Doce escritores: hasta el año 1925

Gespeichert in:
Bibliographische Detailangaben
1. Verfasser: García Oldini, Fernando (VerfasserIn)
Format: Buch
Sprache:Spanisch
Veröffentlicht: Santiago Nascimento 1929
Schlagworte:
Tags: Tag hinzufügen
Keine Tags, Fügen Sie den ersten Tag hinzu!

MARC

LEADER 00000nam a2200000 a 4500
001 UCZ7834
003 CL-VaPUC
005 20240924105138.0
008 960112e19290000CL |||||||||||||||||spa|d
999 |c 243831  |d 243829 
040 |c Pontificia Universidad Católica de Valparaíso 
082 0 4 |a Ch860.9  |b GAR  |2 21 
100 0 |a García Oldini, Fernando  |e author  |9 352820 
245 1 0 |a Doce escritores: hasta el año 1925  
260 |a Santiago  |b Nascimento  |c 1929 
300 |a 156 p 
583 |a last modification  |c 19960112 00:00:00  |k Rodrigo Vera 
600 0 7 |a CRUCHAGA SANTA MARIA, ANGEL  |2 CL-VaPUC  |9 352821 
600 0 7 |a BARRIOS, EDUARDO  |2 CL-VaPUC  |9 320692 
600 0 7 |a Rokha, Pablo de,  |d 1894-1968  |9 879664 
600 0 7 |a REYES, SALVADOR  |2 CL-VaPUC  |9 352822 
600 0 7 |a BRUNET, MARTA  |2 CL-VaPUC  |9 352823 
600 0 |a Neruda, Pablo,  |d 1904-1973  |e autor  |9 471955 
650 0 |a Literatura chilena   |9 308278 
650 0 |a Novela chilena   |9 307631 
650 0 |a Poesía chilena   |9 268403 
650 0 |a Cuento chileno  |9 352824 
650 0 |a Crítica e interpretación   |9 255042 
942 |c BK  |2 ddc 
945 |d 19960112 00:00:00  |a rleighto 
952 |0 0  |1 0  |4 0  |6 CH_860_900000000000000_GAR_1929  |7 0  |8 A  |9 257656  |a BIBEDU  |b BIBEDU  |c ES_NOD  |d 2019-11-19  |i 3168743  |o Ch860.9 GAR 1929  |p 3168743  |r 2023-08-09  |w 2019-11-19  |y BK  |k LIT